| Tag |
First Indicator |
Second Indicator |
Subfields |
| LEADER |
00000cam a2200000 a 4500 |
| 001 |
in00001410107 |
| 005 |
20151020060852.0 |
| 008 |
970325s1997 cou b 001 0 eng |
| 010 |
|
|
|a 97003286
|
| 020 |
|
|
|a 0813328659 (alk. paper)
|
| 020 |
|
|
|a 0813328667 (alk. paper)
|
| 035 |
|
|
|a (OCoLC)36662836
|
| 035 |
|
|
|9 AHN8069AM
|
| 040 |
|
|
|a DLC
|c DLC
|d TXA
|d UtOrBLW
|
| 049 |
|
|
|a TXAM
|
| 050 |
0 |
0 |
|a HM206
|b .M95 1997
|
| 082 |
0 |
0 |
|a 304.2
|2 21
|
| 100 |
1 |
|
|a Murphy, Raymond,
|d 1943-
|
| 245 |
1 |
0 |
|a Sociology and nature :
|b social action in context /
|c Raymond Murphy.
|
| 264 |
|
1 |
|a Boulder, Colo. :
|b Westview Press,
|c 1997.
|
| 300 |
|
|
|a xiii, 321 pages ;
|c 24 cm.
|
| 336 |
|
|
|a text
|b txt
|2 rdacontent
|
| 337 |
|
|
|a unmediated
|b n
|2 rdamedia
|
| 338 |
|
|
|a volume
|b nc
|2 rdacarrier
|
| 504 |
|
|
|a Includes bibliographical references (pages 297-312) and index.
|
| 650 |
|
0 |
|a Human ecology.
|
| 650 |
|
0 |
|a Sociology
|x Philosophy.
|
| 650 |
|
0 |
|a Environmentalism.
|
| 948 |
|
|
|a c:jlg
|
| 999 |
|
|
|a MARS
|
| 999 |
f |
f |
|s af970927-11e5-3a80-9c94-da11647cb4d1
|i 59e2c26b-2d1c-3b01-85a5-62996c2dfce0
|t 0
|
| 952 |
f |
f |
|p ric
|a Texas A&M University
|b Rellis Campus
|c Joint Library Facility
|d Remote Storage
|t 0
|e HM206 .M95 1997
|h Library of Congress classification
|i unmediated -- volume
|m A14822155022
|
| 998 |
f |
f |
|a HM206 .M95 1997
|t 0
|l Remote Storage
|